Oral Histology Inheritance & Development / (Record no. 40780)

MARC details
000 -LEADER
fixed length control field 00537pam a2200205 a 4500
020 ## - INTERNATIONAL STANDARD BOOK NUMBER
Terms of availability
040 ## - CATALOGING SOURCE
Original cataloging agency Dental College Lib
041 ## - LANGUAGE CODE
Language code of text/sound track or separate title eng
Language code of original eng
082 ## - DEWEY DECIMAL CLASSIFICATION NUMBER
Classification number 611.018931
Item number VIN
100 ## - MAIN ENTRY--PERSONAL NAME
Personal name Vincent, Provenza .
245 ## - TITLE STATEMENT
Title Oral Histology Inheritance & Development /
Statement of responsibility, etc. .
Medium Textual Documents
250 ## - EDITION STATEMENT
Edition statement 2 /
Remainder of edition statement .
260 ## - PUBLICATION, DISTRIBUTION, ETC.
Place of publication, distribution, etc. Philadelphia :
Name of publisher, distributor, etc. lea & Febiger ,
Date of publication, distribution, etc. 1985.
300 ## - PHYSICAL DESCRIPTION
Extent 260 ;
Dimensions .
365 ## - TRADE PRICE
Price type code 1794.00
653 ## - INDEX TERM--UNCONTROLLED
Uncontrolled term Oral Histology
930 ## - EQUIVALENCE OR CROSS-REFERENCE-UNIFORM TITLE HEADING [LOCAL, CANADA]
Uniform title 1377
Holdings
Withdrawn status Lost status Damaged status Not for loan Home library Current library Date acquired Cost, normal purchase price Total Checkouts Full call number Barcode Date due Date last seen Date last checked out Copy number Price effective from Koha item type
        Dental College & Hospital, Pune Dental College & Hospital, Pune 01/01/1900 1794.00 1 611.018931 VIN DCP-1395 31/12/2050 18/11/2023 18/11/2023 1 24/02/2023 Book